Pokemon Letter "D" for each type - Statistics

General Stats
  • This quiz has been taken 18 times
  • The average score is 14 of 17
Answer Stats
Type Pokémon % Correct
Ghost Decidueye|Dhelmise|Doublade|Dragapult|Drakloak|Dreepy|Drifblim|Drifloon|Dusclops| Dusknoir|Duskull
100%
Dragon Deino|Dialga|Dipplin|Dracovish|Dracozolt|Dragalge|Dragapult|Dragonair|Dragonite| Drakloak|Drampa|Dratini|Dreepy|Druddigon|Duraludon
100%
Flying Dartrix|Delibird|Dodrio|Doduo|Dragonite|Drifblim|Drifloon|Ducklett
93%
Normal Deerling|Delcatty|Diggersby|Ditto|Dodrio|Doduo|Dolliv|Drampa|Dubwool|Dudunsparce| Dunsparce
93%
Bug Dewpider|Dottler|Durant|Dustox|Dwebble
93%
Ground Diggersby|Diglett|Donphan|Drilbur|Dugtrio
93%
Fairy Dachsbun|Dedenne|Diancie
86%
Dark Darkrai|Deino|Drapion
86%
Steel Dialga|Doublade|Duraludon|Durant
86%
Poison Dragalge|Drapion|Dustox
86%
Rock Diancie|Drednaw|Dwebble
79%
Grass Dartrix|Decidueye|Deerling|Dhelmise|Dipplin|Dolliv
71%
Psychic Delphox|Deoxys|Dottler|Drowzee|Duosion
71%
Water Dewgong|Dewott|Dewpider|Dondozo|Dracovish|Drednaw|Drizzile|Ducklett
71%
Fire Darmanitan|Darumaka|Delphox
64%
Electric Dedenne|Dracozolt
64%
Ice Delibird|Dewgong
64%
No matching quizzes found
Score Distribution
Percent of People with Each Score
Percentile by Number Answered
Your Score History
You have not taken this quiz